000 00734nam a2200169 4500
040 _cNUST
082 _a621.382,NAW
100 _aNawaz, Muhammad Daial (BEE-58/ TCC-33)
_9131737
245 _aAdvanced Network Monitoring and Intrusion Detection System (IDS) /
_cMuhammad Danial Nawaz, Muhammad Nadeem and Muhammad Muzamil (BEE-58 / TCC-330
260 _aRawalpindi
_bMCS (NUST)
_c2025
300 _a72 p.;
505 _aIntroduction (Page-12), Literature Review (Page-19), Methodology (Page-25), Implementation (Page-33), Results and Discussion (Page-62), References (Page-68).
650 _aUG Project
_9131132
651 _aBEE-/ TC-33
_9131738
700 _aSupervised by Assoc Prof. Mir Yasir Umair
_9131739
942 _2ddc
_cPR
999 _c615324
_d615324